[Event "V Memorial Alvise Zichichi"]
[Site "Ladispoli ITA"]
[Date "2008.05.01"]
[Round "1"]
[White "Vuelban, Virgilio"]
[Black "Iacoacci, Giancarlo"]
[Result "1-0"]
[WhiteElo "2270"]
[BlackElo "1767"]
[PlyCount "95"]
[EventDate "2008.05.01"]

1. d4 d5 2. c4 e6 3. Nc3 Nf6 4. Bg5 Nbd7 5. e3 c6 6. Nf3 Qa5 7. Nd2 Bb4 8. Qc2
c5 9. Rc1 cxd4 10. exd4 O-O 11. Bxf6 Nxf6 12. a3 Bxc3 13. Qxc3 Qxc3 14. bxc3
Bd7 15. Bd3 Rfc8 16. Ke2 Rc7 17. g3 dxc4 18. Nxc4 Bc6 19. Rhe1 Bb5 20. Ne5
Bxd3+ 21. Kxd3 Rac8 22. c4 Kf8 23. Rb1 Nd7 24. f4 g6 25. c5 Nf6 26. Nc4 Nd5 27.
Nd6 Rb8 28. Nb5 Rc6 29. Nxa7 Ra6 30. Nb5 Ne7 31. Rb3 Nd5 32. Reb1 Ke7 33. Nd6
h6 34. Rxb7+ Rxb7 35. Rxb7+ Kd8 36. Nxf7+ Ke8 37. Nd6+ Kd8 38. Nc4 g5 39. fxg5
hxg5 40. Rg7 Ke8 41. Rxg5 Kf7 42. h4 Ra8 43. h5 Kf6 44. Rg6+ Kf7 45. Ke4 Rh8
46. g4 Nf6+ 47. Ke5 Nxh5 48. Rxe6 1-0

[Event "V Memorial Alvise Zichichi"]
[Site "Ladispoli ITA"]
[Date "2008.05.01"]
[Round "2"]
[White "Aleksic, Nenad"]
[Black "Maggi, Fabrizio"]
[Result "1-0"]
[WhiteElo "2370"]
[BlackElo "2003"]
[PlyCount "55"]
[EventDate "2008.05.01"]

1. e4 e6 2. Nf3 d5 3. Nc3 d4 4. Ne2 c5 5. c3 Nf6 6. d3 Nc6 7. g3 Be7 8. Bg2 e5
9. O-O O-O 10. c4 Ne8 11. Ne1 Nd6 12. f4 f6 13. f5 g6 14. g4 Rb8 15. Ng3 b5 16.
b3 bxc4 17. dxc4 a5 18. Nd3 Qb6 19. Ba3 Nb4 20. Bxb4 axb4 21. g5 Bd7 22. Bh3
Be8 23. Qe2 Kg7 24. fxg6 hxg6 25. gxf6+ Bxf6 26. Qg4 Rh8 27. Qe6 Rxh3 28. Qxf6+
1-0

[Event "V Memorial Alvise Zichichi"]
[Site "Ladispoli ITA"]
[Date "2008.05.01"]
[Round "2"]
[White "Bruno, Antonino"]
[Black "Attanasi, Salvatore"]
[Result "0-1"]
[WhiteElo "1551"]
[BlackElo "1802"]
[PlyCount "108"]
[EventDate "2008.05.01"]

1. e4 e6 2. d4 d5 3. exd5 exd5 4. Nf3 Nf6 5. Be2 Bd6 6. Bg5 Be6 7. Nc3 Nbd7 8.
Qd3 c6 9. h3 Qc7 10. Nd2 h6 11. Bh4 g5 12. Bg3 Bxg3 13. fxg3 O-O-O 14. O-O-O
Ne8 15. g4 Nd6 16. Bf3 f5 17. gxf5 Bxf5 18. Qe3 Rde8 19. Qf2 Rhf8 20. Qg3 Nb6
21. Bg4 Bxg4 22. Qxg4+ Qd7 23. Qxd7+ Kxd7 24. Nf3 Nbc4 25. Rde1 Nf5 26. Ne5+
Nxe5 27. dxe5 Ng3 28. Rhg1 Rf2 29. Nd1 Rf5 30. Re3 Ne4 31. Nc3 Nxc3 32. bxc3
Rfxe5 33. Rxe5 Rxe5 34. Kd2 Rf5 35. Ke2 Rf4 36. g3 Rf6 37. Rd1 b5 38. Rd4 Kd6
39. h4 gxh4 40. Rxh4 Kc5 41. a3 Kd6 42. Ke3 Ke6 43. a4 a6 44. Ke2 Kf7 45. Ke3
Kg7 46. Ke2 Re6+ 47. Kf3 Re1 48. axb5 axb5 49. Rd4 Ra1 50. Ke2 Ra4 51. Kd3 Kf6
52. Rxa4 bxa4 53. c4 a3 54. Kc3 dxc4 0-1

[Event "V Memorial Alvise Zichichi"]
[Site "Ladispoli ITA"]
[Date "2008.05.01"]
[Round "2"]
[White "Colantonio, Marco"]
[Black "Dicorato, Michele"]
[Result "1-0"]
[WhiteElo "1731"]
[BlackElo "1398"]
[PlyCount "53"]
[EventDate "2008.05.01"]

1. e4 e5 2. f4 exf4 3. Nf3 Nc6 4. Bc4 d6 5. d4 Bg4 6. c3 Qd7 7. O-O O-O-O 8.
Bxf4 f6 9. Nbd2 g5 10. Be3 Kb8 11. b4 h5 12. Qa4 Nce7 13. b5 b6 14. Qb3 h4 15.
a4 d5 16. exd5 Nxd5 17. Bxg5 fxg5 18. Ne5 Qc8 19. Bxd5 Ne7 20. Bc6 Be6 21. Qb2
Bd5 22. a5 Bxc6 23. bxc6 Rh7 24. axb6 cxb6 25. Nd7+ Rxd7 26. cxd7 Qd8 27. Qa3
1-0

[Event "V Memorial Alvise Zichichi"]
[Site "Ladispoli ITA"]
[Date "2008.05.01"]
[Round "2"]
[White "Galdelli, Fabiano"]
[Black "Leonetti, Pietro"]
[Result "0-1"]
[WhiteElo "1978"]
[BlackElo "1575"]
[PlyCount "87"]
[EventDate "2008.05.01"]

1. e4 g6 2. d4 Bg7 3. Nc3 c6 4. Bc4 b5 5. Bb3 a5 6. a4 b4 7. Qf3 e6 8. Nce2 Ba6
9. Nh3 Bxe2 10. Kxe2 Bxd4 11. Rd1 Qf6 12. Qd3 Bxb2 13. Bxb2 Qxb2 14. Qd6 Qf6
15. Bc4 Qd8 16. Nf4 Nf6 17. Rd4 Qe7 18. Qe5 O-O 19. Nh3 d6 20. Qg5 Re8 21. Rad1
d5 22. e5 Ne4 23. Qh6 Nc3+ 24. Kf1 Qf8 25. Qg5 Nxd1 26. Rh4 Qg7 27. Bd3 Nd7 28.
f4 Ne3+ 29. Kf2 Nf5 30. Bxf5 exf5 31. Rh6 Nc5 32. Qh4 Ne4+ 33. Kf3 b3 34. cxb3
Rab8 35. Ke2 Rxb3 36. Ng5 Nxg5 37. Qxg5 Rb2+ 38. Kf3 Reb8 39. Kg3 d4 40. h4
R2b3+ 41. Kh2 d3 42. h5 d2 43. hxg6 d1=Q 44. e6 0-1

[Event "V Memorial Alvise Zichichi"]
[Site "Ladispoli ITA"]
[Date "2008.05.01"]
[Round "2"]
[White "Gasperoni, Claudio"]
[Black "Caprio, Guido"]
[Result "0-1"]
[WhiteElo "1845"]
[BlackElo "2140"]
[PlyCount "40"]
[EventDate "2008.05.01"]

1. d4 Nf6 2. Nf3 g6 3. c4 Bg7 4. Nc3 O-O 5. e4 d6 6. Be2 e5 7. d5 a5 8. Bg5 h6
9. Bh4 Na6 10. Nd2 Qe8 11. a3 Bd7 12. b3 Nh7 13. f3 h5 14. Rb1 Bh6 15. Bf2 Qe7
16. h4 Nc5 17. b4 axb4 18. axb4 Na4 19. Nb5 Bxb5 20. cxb5 Nc3 0-1

[Event "V Memorial Alvise Zichichi"]
[Site "Ladispoli ITA"]
[Date "2008.05.01"]
[Round "2"]
[White "Iacoacci, Giancarlo"]
[Black "Migliozzi, Giuseppe"]
[Result "1-0"]
[WhiteElo "1767"]
[BlackElo "1407"]
[PlyCount "79"]
[EventDate "2008.05.01"]

1. d4 Nf6 2. Nf3 d5 3. Bf4 Bg4 4. e3 e6 5. Be2 c5 6. c3 Nc6 7. O-O cxd4 8. exd4
Qb6 9. b3 Be7 10. h3 Bh5 11. Nbd2 O-O 12. Ne5 Bxe2 13. Qxe2 Rac8 14. Qd3 Nxe5
15. Bxe5 Nd7 16. Nf3 Nxe5 17. Nxe5 Qc7 18. Rac1 Bd6 19. Nf3 h6 20. Rfe1 Qa5 21.
Rc2 Rc6 22. c4 Rfc8 23. c5 Bf4 24. g3 Bg5 25. h4 Bf6 26. Rec1 Qc7 27. b4 e5 28.
dxe5 Bxe5 29. Nxe5 Qxe5 30. Re2 Qh5 31. Rce1 f6 32. Re6 Rd8 33. Re7 b6 34. Qb5
Rcc8 35. c6 Qg6 36. c7 Rd6 37. Re8+ Rxe8 38. Qxe8+ Qxe8 39. Rxe8+ Kh7 40. c8=Q
1-0

[Event "V Memorial Alvise Zichichi"]
[Site "Ladispoli ITA"]
[Date "2008.05.01"]
[Round "2"]
[White "Leonardo, Corrado"]
[Black "Trebeschi, Andrea"]
[Result "0-1"]
[WhiteElo "1404"]
[BlackElo "2068"]
[PlyCount "72"]
[EventDate "2008.05.01"]

1. d4 d6 2. c4 Nf6 3. Nf3 g6 4. Bg5 Bg7 5. e3 O-O 6. Bd3 Nbd7 7. O-O b6 8. Re1
Bb7 9. Nbd2 Qe8 10. Qc2 e5 11. e4 h6 12. Bh4 Nh5 13. h3 exd4 14. Nh2 Ne5 15.
Be2 Nf4 16. Bf3 c5 17. Bg3 Ne6 18. Qb3 Qd7 19. Bg4 h5 20. Bf3 Bh6 21. Nb1 Ng5
22. Bf4 Ngxf3+ 23. Nxf3 Bxf4 24. Nh4 Bg5 25. Nf3 Nxf3+ 26. Qxf3 Rae8 27. Qg3
Qe7 28. f3 Bh4 29. Qf4 Bxe1 30. Na3 Qh4 31. Qxh4 Bxh4 32. Nb5 Re6 33. Nxa7 Bg3
34. Rd1 Rfe8 35. Nb5 d5 36. Nc7 Bxc7 0-1

[Event "V Memorial Alvise Zichichi"]
[Site "Ladispoli ITA"]
[Date "2008.05.01"]
[Round "2"]
[White "Maddaloni, Giovanni"]
[Black "Parrini, Daniele"]
[Result "0-1"]
[WhiteElo "1809"]
[BlackElo "2054"]
[PlyCount "62"]
[EventDate "2008.05.01"]

1. f4 Nf6 2. Nf3 g6 3. d3 d5 4. g3 Bg7 5. Bg2 O-O 6. O-O d4 7. e4 dxe3 8. Bxe3
Ng4 9. Bc1 Bd4+ 10. Nxd4 Qxd4+ 11. Kh1 Nf2+ 12. Rxf2 Qxf2 13. Bd2 Nc6 14. Nc3
Bg4 15. Qc1 Bf3 16. Bxf3 Qxf3+ 17. Kg1 Nd4 18. Be1 c5 19. Bf2 Rfe8 20. Qd2 e5
21. Rf1 Qc6 22. Bxd4 exd4 23. Ne4 f5 24. Nf2 Re3 25. c3 Rae8 26. cxd4 cxd4 27.
Qb4 Qd5 28. Qa4 Re2 29. Qd1 Rxb2 30. Re1 Rxe1+ 31. Qxe1 Kf7 0-1

[Event "V Memorial Alvise Zichichi"]
[Site "Ladispoli ITA"]
[Date "2008.05.01"]
[Round "2"]
[White "Maggi, Luigi"]
[Black "Dragojlovic, Andjelko"]
[Result "0-1"]
[WhiteElo "1874"]
[BlackElo "2409"]
[PlyCount "60"]
[EventDate "2008.05.01"]

1. c4 Nf6 2. Nc3 d5 3. cxd5 Nxd5 4. Nf3 g6 5. Qa4+ Nc6 6. Nxd5 Qxd5 7. e3 Bd7
8. d4 Bg7 9. Qb3 Qxb3 10. axb3 e5 11. dxe5 Nxe5 12. Be2 a6 13. O-O O-O-O 14. b4
Nxf3+ 15. gxf3 c6 16. Rd1 Be6 17. Kg2 Rxd1 18. Bxd1 Rd8 19. Bc2 Bf8 20. e4 Bxb4
21. Bg5 Rd7 22. Rd1 Rxd1 23. Bxd1 b5 24. Bc2 a5 25. Bf6 Kd7 26. h4 Be7 27. Bxe7
Kxe7 28. f4 a4 29. h5 gxh5 30. e5 h6 0-1

[Event "V Memorial Alvise Zichichi"]
[Site "Ladispoli ITA"]
[Date "2008.05.01"]
[Round "2"]
[White "Mari, Tommaso"]
[Black "Placchetta, Omero"]
[Result "1-0"]
[WhiteElo "1828"]
[BlackElo "1622"]
[PlyCount "111"]
[EventDate "2008.05.01"]

1. e4 e5 2. Nf3 Nc6 3. Bb5 a6 4. Ba4 Nf6 5. O-O Be7 6. Re1 b5 7. Bb3 d6 8. h3
O-O 9. c3 Nb8 10. d4 Nbd7 11. Nbd2 c5 12. a4 c4 13. Bc2 Bb7 14. Nf1 Re8 15. d5
g6 16. Ng3 Bf8 17. Be3 h6 18. Qd2 Kh7 19. Nh2 Ng8 20. Ra3 h5 21. Nf3 f6 22.
Rea1 Bh6 23. axb5 Bxe3 24. Qxe3 a5 25. b6 Nc5 26. Ba4 Re7 27. Nd2 Nd3 28. Nxc4
Nc5 29. Bc6 a4 30. Bxa4 Nxa4 31. Rxa4 Rxa4 32. Rxa4 Qe8 33. Ra7 Qd8 34. Na5 Qb8
35. b4 Rg7 36. Nc6 Qc8 37. b5 f5 38. f4 h4 39. Nf1 fxe4 40. Nd2 Nf6 41. c4 Qf5
42. fxe5 dxe5 43. Na5 Qc8 44. Rxb7 Rxb7 45. Nxb7 Qxb7 46. Nxe4 Nxe4 47. Qxe4
Qxb6+ 48. Kh2 Qf6 49. c5 Qg5 50. Qg4 Qd8 51. d6 Kg7 52. Qe6 Qg5 53. Qe7+ Qxe7
54. dxe7 Kf7 55. c6 g5 56. b6 1-0

[Event "V Memorial Alvise Zichichi"]
[Site "Ladispoli ITA"]
[Date "2008.05.01"]
[Round "2"]
[White "Mecali, Antonello"]
[Black "Vuelban, Virgilio"]
[Result "0-1"]
[WhiteElo "1858"]
[BlackElo "2270"]
[PlyCount "52"]
[EventDate "2008.05.01"]

1. c4 e5 2. Nc3 Nf6 3. d3 Nc6 4. Nf3 Bb4 5. a3 Bxc3+ 6. bxc3 O-O 7. g3 e4 8.
Nd4 exd3 9. exd3 d5 10. Nxc6 bxc6 11. Bg2 Re8+ 12. Be3 Ng4 13. Qd2 Ne5 14. O-O
Bh3 15. Bd4 Bxg2 16. Kxg2 dxc4 17. Bxe5 Rxe5 18. Qf4 Qd5+ 19. Kg1 cxd3 20. Rfd1
Rae8 21. Qd4 h6 22. f4 Re3 23. Qxd5 cxd5 24. Rd2 c5 25. Rb1 c4 26. Rb7 d4 0-1

[Event "V Memorial Alvise Zichichi"]
[Site "Ladispoli ITA"]
[Date "2008.05.01"]
[Round "2"]
[White "Musmarra, Giovanni"]
[Black "Marta, Daniele"]
[Result "0-1"]
[WhiteElo "1744"]
[BlackElo "2028"]
[PlyCount "96"]
[EventDate "2008.05.01"]

1. e4 e6 2. d4 d5 3. Nd2 Nf6 4. e5 Nfd7 5. f4 c5 6. c3 Nc6 7. Ndf3 cxd4 8. cxd4
Qa5+ 9. Bd2 Bb4 10. a3 Bxd2+ 11. Qxd2 Qxd2+ 12. Kxd2 Na5 13. Ke3 Nb6 14. Nd2
Bd7 15. Rc1 Ke7 16. Bd3 Rac8 17. Ngf3 Nac4+ 18. Nxc4 dxc4 19. Be4 Nd5+ 20. Bxd5
exd5 21. Rhf1 Rc6 22. h3 Rb6 23. Rf2 Rc8 24. g4 c3 25. bxc3 Rb3 26. Kd2 Rxa3
27. f5 Ra2+ 28. Ke1 Rxf2 29. Kxf2 h6 30. Nd2 a5 31. c4 dxc4 32. Rxc4 b5 33.
Rxc8 Bxc8 34. Nb3 a4 35. Nc5 a3 36. d5 b4 37. d6+ Kd8 38. Ke3 Ba6 39. Kd4 Bf1
40. e6 fxe6 41. fxe6 a2 42. Nb7+ Kc8 43. d7+ Kxb7 44. d8=Q a1=Q+ 45. Kc5 Qc3+
46. Kd6 Qd4+ 47. Ke7 Qxd8+ 48. Kxd8 Bb5 0-1

[Event "V Memorial Alvise Zichichi"]
[Site "Ladispoli ITA"]
[Date "2008.05.01"]
[Round "2"]
[White "Palermo, Stefano"]
[Black "Elia, Alessio"]
[Result "1-0"]
[WhiteElo "2079"]
[BlackElo "1860"]
[PlyCount "77"]
[EventDate "2008.05.01"]

1. e4 d6 2. d4 Nf6 3. Nc3 g6 4. f4 Bg7 5. Nf3 O-O 6. Bd3 Bg4 7. Be3 c6 8. h3
Bxf3 9. Qxf3 Nbd7 10. e5 Ne8 11. O-O Nc7 12. Rae1 Nb6 13. Ne4 f6 14. exd6 exd6
15. f5 g5 16. h4 h6 17. hxg5 hxg5 18. Qh5 Qe8 19. Qxe8 Nxe8 20. g4 Rd8 21. Bd2
Rf7 22. Rf2 Bf8 23. Rfe2 Bg7 24. c3 Nc7 25. b3 Nc8 26. a4 b6 27. c4 d5 28. Nc3
Bf8 29. cxd5 cxd5 30. Nb5 Nxb5 31. Bxb5 Nd6 32. Bc6 Ne4 33. Bxd5 Rxd5 34. Rxe4
Bd6 35. Rc1 Rh7 36. Rc6 Rxd4 37. Rxd4 Bc5 38. Rxc5 bxc5 39. Rd8+ 1-0

[Event "V Memorial Alvise Zichichi"]
[Site "Ladispoli ITA"]
[Date "2008.05.01"]
[Round "2"]
[White "Proia, Gaetano"]
[Black "Carnicelli, Valerio"]
[Result "1-0"]
[WhiteElo "2026"]
[BlackElo "1521"]
[PlyCount "35"]
[EventDate "2008.05.01"]

1. e4 e5 2. Nf3 Nc6 3. Nc3 Nf6 4. Bb5 Bb4 5. O-O O-O 6. d3 d6 7. Bg5 Bxc3 8.
bxc3 a6 9. Ba4 b5 10. Bb3 Be6 11. Re1 h6 12. Bh4 a5 13. a3 a4 14. Ba2 Bxa2 15.
Rxa2 Qe7 16. Ra1 Qe6 17. d4 Rfd8 18. d5 1-0

[Event "V Memorial Alvise Zichichi"]
[Site "Ladispoli ITA"]
[Date "2008.05.01"]
[Round "2"]
[White "Quimi, Marco"]
[Black "Piscitelli, Vito"]
[Result "1-0"]
[WhiteElo "2253"]
[BlackElo "1967"]
[PlyCount "87"]
[EventDate "2008.05.01"]

1. e4 c5 2. Nf3 d6 3. Bc4 Nc6 4. O-O e6 5. Re1 g6 6. d4 Bg7 7. d5 Na5 8. Bb5+
Bd7 9. a4 e5 10. Na3 Bxb5 11. axb5 b6 12. Bd2 Nb7 13. Nc4 Ne7 14. Re3 O-O 15.
Rea3 Nc8 16. Qe2 Qd7 17. Ne3 Nd8 18. g4 f6 19. Kh1 Nf7 20. h4 Ne7 21. Rg1 Kh8
22. Nh2 Bh6 23. g5 Bg7 24. gxf6 Bxf6 25. Neg4 Ng8 26. h5 g5 27. Nxf6 Nxf6 28.
Bxg5 Nxg5 29. Rxg5 Rg8 30. Rxg8+ Rxg8 31. Rg3 Rxg3 32. fxg3 Qe8 33. g4 Qg8 34.
Qf3 Qg5 35. Qf5 Qxf5 36. exf5 h6 37. c4 Ne4 38. Kg2 Kg7 39. Nf3 Kf6 40. Kf1
Ng3+ 41. Kf2 Ne4+ 42. Ke3 Ng3 43. Nd2 Ke7 44. Kf3 1-0

[Event "V Memorial Alvise Zichichi"]
[Site "Ladispoli ITA"]
[Date "2008.05.01"]
[Round "2"]
[White "Sarti, Emanuele"]
[Black "Masciolini, Giovanni"]
[Result "0-1"]
[WhiteElo "1419"]
[BlackElo "1685"]
[PlyCount "68"]
[EventDate "2008.05.01"]

1. e4 d6 2. d4 Nf6 3. Nc3 g6 4. Bg5 Bg7 5. Qd2 c6 6. Bh6 Bxh6 7. Qxh6 Qa5 8.
Bd3 Nbd7 9. Nf3 Qh5 10. Qf4 O-O 11. Be2 e5 12. dxe5 dxe5 13. Qd2 Qg4 14. O-O-O
Qxg2 15. Rdf1 Re8 16. Rhg1 Qh3 17. Rg3 Qe6 18. Ng5 Qe7 19. Bc4 Rf8 20. Bb3 Nc5
21. Bxf7+ Rxf7 22. Nxf7 Qxf7 23. f3 Be6 24. Qd6 Ncd7 25. f4 Nh5 26. Rgf3 Nxf4
27. Kb1 Rf8 28. Ne2 Bxa2+ 29. Ka1 Bc4 30. R3f2 Bxe2 31. Rxe2 Qe6 32. Qa3 Nxe2
33. Rd1 Nd4 34. Rc1 Rf1 0-1

[Event "V Memorial Alvise Zichichi"]
[Site "Ladispoli ITA"]
[Date "2008.05.01"]
[Round "2"]
[White "Taloni, Silvio"]
[Black "Melega, Michele"]
[Result "0-1"]
[WhiteElo "1781"]
[BlackElo "1428"]
[PlyCount "50"]
[EventDate "2008.05.01"]

1. d4 Nf6 2. Nf3 e6 3. e3 d5 4. Bd3 Bd7 5. Ne5 Nc6 6. f4 Ne4 7. Qf3 Nxe5 8.
fxe5 Ng5 9. Qf2 Qe7 10. Nd2 f5 11. exf6 gxf6 12. O-O Bg7 13. Qg3 O-O-O 14. h4
Ne4 15. Nxe4 dxe4 16. Bxe4 f5 17. Bf3 Rhg8 18. Qf2 Bf6 19. h5 Bh4 20. Qd2 e5
21. Qa5 a6 22. b4 e4 23. Be2 Qg5 24. Rf2 Bxf2+ 25. Kxf2 Qh4+ 0-1

[Event "V Memorial Alvise Zichichi"]
[Site "Ladispoli ITA"]
[Date "2008.05.01"]
[Round "2"]
[White "Urzi', Silvio"]
[Black "Foschini, Andrea"]
[Result "1-0"]
[WhiteElo "1788"]
[BlackElo "1844"]
[PlyCount "77"]
[EventDate "2008.05.01"]

1. c4 Nf6 2. Nc3 g6 3. e4 d6 4. d4 Bg7 5. Nge2 O-O 6. Ng3 Na6 7. Be2 c5 8. d5
Nc7 9. O-O Rb8 10. Be3 a6 11. a4 Bd7 12. Qd2 b5 13. axb5 axb5 14. b3 Ng4 15.
Bxg4 Bxg4 16. Bh6 Bxh6 17. Qxh6 e5 18. h3 Bd7 19. f4 Qf6 20. Nh5 Qh8 21. Rf3
Ne8 22. f5 Nf6 23. Nxf6+ Qxf6 24. fxg6 Qxg6 25. Qh4 bxc4 26. Rg3 cxb3 27. Rxg6+
fxg6 28. Qe7 b2 29. Ra7 b1=Q+ 30. Nxb1 Rxb1+ 31. Kh2 Rf7 32. Qd8+ Kg7 33. Rxd7
Re1 34. Rxf7+ Kxf7 35. Qd7+ Kg8 36. Qxd6 Rxe4 37. Qe6+ Kg7 38. Qe7+ Kh6 39.
Qxc5 1-0

[Event "V Memorial Alvise Zichichi"]
[Site "Ladispoli ITA"]
[Date "2008.05.02"]
[Round "3"]
[White "Attanasi, Salvatore"]
[Black "Maggi, Luigi"]
[Result "0-1"]
[WhiteElo "1802"]
[BlackElo "1874"]
[PlyCount "52"]
[EventDate "2008.05.01"]

1. e4 e6 2. d4 d5 3. e5 c5 4. c3 Qb6 5. Nf3 Nc6 6. a3 c4 7. g3 f6 8. exf6 Nxf6
9. Bg2 e5 10. dxe5 Ng4 11. O-O Nxf2 12. Rxf2 Bc5 13. Qe1 O-O 14. Bf4 Qxb2 15.
Nbd2 Qxc3 16. Kf1 Bxf2 17. Kxf2 Be6 18. Kg1 h6 19. Rb1 Qxa3 20. Rxb7 Qa6 21.
Rc7 Qb6+ 22. Nd4 Nxd4 23. Rxg7+ Kxg7 24. Be3 Nc2 25. Bxb6 Nxe1 26. Bc5 Rfc8 0-1

[Event "V Memorial Alvise Zichichi"]
[Site "Ladispoli ITA"]
[Date "2008.05.02"]
[Round "3"]
[White "Caprio, Guido"]
[Black "Aleksic, Nenad"]
[Result "1/2-1/2"]
[WhiteElo "2140"]
[BlackElo "2370"]
[PlyCount "24"]
[EventDate "2008.05.01"]

1. e4 b6 2. d4 Bb7 3. Bd3 Nf6 4. Qe2 e6 5. Nf3 c5 6. c3 d6 7. O-O Be7 8. h3
Nbd7 9. Bf4 a6 10. Nbd2 cxd4 11. cxd4 O-O 12. Rfc1 Re8 1/2-1/2

[Event "V Memorial Alvise Zichichi"]
[Site "Ladispoli ITA"]
[Date "2008.05.02"]
[Round "3"]
[White "Carnicelli, Valerio"]
[Black "Taloni, Silvio"]
[Result "1-0"]
[WhiteElo "1521"]
[BlackElo "1781"]
[PlyCount "114"]
[EventDate "2008.05.01"]

1. e4 d6 2. d4 g6 3. h3 Bg7 4. Nf3 Nd7 5. Nc3 e6 6. Bd3 Ne7 7. Be3 a6 8. Qd2 h6
9. O-O-O b5 10. g4 Bb7 11. h4 b4 12. Ne2 a5 13. Ne1 Nf6 14. f3 Nd7 15. Ng2 Qb8
16. Ng3 c5 17. Bb5 c4 18. Bxc4 d5 19. Bf4 Qc8 20. Bb5 Bc6 21. Qd3 Qb7 22. Bxc6
Qxc6 23. exd5 Nxd5 24. Rhe1 a4 25. Qe4 a3 26. b3 Qc3 27. Qxd5 Rc8 28. Qe4 Nf6
29. Qd3 Qb2+ 30. Kd2 Nd5 31. Ra1 Bxd4 32. Reb1 Qc3+ 33. Qxc3 Rxc3 34. Rf1 Nxf4
35. Nxf4 Be3+ 36. Kd1 Bxf4 37. Ne2 Be5 38. Nxc3 Bxc3 39. Rb1 Ke7 40. Ke2 Rd8
41. Rbd1 Rc8 42. Rd3 Bf6 43. Rc1 Bxh4 44. c4 Bg5 45. Rcd1 Rc7 46. Kf2 Bf6 47.
Kg3 Be5+ 48. f4 Bc3 49. Kf3 Kf6 50. Ke4 Rc5 51. Rh3 Kg7 52. Rdh1 Rc7 53. Rxh6
Rxc4+ 54. bxc4 b3 55. R1h2 b2 56. Rh1 b1=Q+ 57. Rxb1 Kxh6 1-0

[Event "V Memorial Alvise Zichichi"]
[Site "Ladispoli ITA"]
[Date "2008.05.02"]
[Round "3"]
[White "Dragojlovic, Andjelko"]
[Black "Quimi, Marco"]
[Result "1-0"]
[WhiteElo "2409"]
[BlackElo "2253"]
[PlyCount "117"]
[EventDate "2008.05.01"]

1. e4 c5 2. Nf3 Nc6 3. d4 cxd4 4. Nxd4 Nf6 5. Nc3 g6 6. Nxc6 dxc6 7. Qxd8+ Kxd8
8. Bc4 Ke8 9. e5 Ng4 10. f4 h5 11. h3 Nh6 12. Bd2 Nf5 13. O-O-O h4 14. Ne4 Bh6
15. Rhe1 b6 16. Ng5 Bxg5 17. fxg5 Be6 18. Bd3 Bd5 19. Re2 Rd8 20. b3 Rh5 21.
Rf2 Ng3 22. Re1 Be6 23. Bf4 Rxd3 24. cxd3 Nf5 25. Kd2 Kd7 26. Kc3 Rh8 27. d4
Bd5 28. Bd2 Ke6 29. Bf4 Rc8 30. Rg1 a5 31. g4 hxg3 32. Bxg3 Rd8 33. Rf4 a4 34.
Bf2 axb3 35. axb3 Ra8 36. Kb2 Ra5 37. Rc1 Rb5 38. Rc3 Kd7 39. h4 Ng7 40. Be3
Ne6 41. Rf1 Nc7 42. Ra1 Ne8 43. Ra8 Ng7 44. Ka3 Nh5 45. Ra7+ Ke6 46. b4 Ng3 47.
Ka4 Ne2 48. Rc2 Bf3 49. Rc7 Kf5 50. Rxe7 Kg4 51. Rxf7 Nxd4 52. Bxd4 Bd1 53.
Rff2 Rd5 54. Bxb6 Kxh4 55. Ka3 Bxc2 56. Rxc2 Kxg5 57. Rxc6 Rxe5 58. Rc5 Kf5 59.
b5 1-0

[Event "V Memorial Alvise Zichichi"]
[Site "Ladispoli ITA"]
[Date "2008.05.02"]
[Round "3"]
[White "Elia, Alessio"]
[Black "Leonardo, Corrado"]
[Result "1-0"]
[WhiteElo "1860"]
[BlackElo "1404"]
[PlyCount "59"]
[EventDate "2008.05.01"]

1. d4 d5 2. Nf3 Nf6 3. Bg5 g6 4. Bxf6 exf6 5. e3 Bg7 6. Bd3 O-O 7. O-O Bg4 8.
Nbd2 Nc6 9. c3 a6 10. Qb3 b5 11. e4 Ne7 12. a4 c6 13. Ra3 Qa5 14. axb5 Qb6 15.
bxa6 Rxa6 16. Rxa6 Qxb3 17. Nxb3 Bxf3 18. gxf3 Rb8 19. Bc2 f5 20. Re1 dxe4 21.
fxe4 f4 22. Rb1 Rb5 23. Nc5 Rb8 24. Ra7 Bf8 25. Rb7 Ra8 26. Nd7 Ra5 27. Rb8
Rg5+ 28. Kf1 f3 29. Nxf8 Rg2 30. Ne6+ 1-0

[Event "V Memorial Alvise Zichichi"]
[Site "Ladispoli ITA"]
[Date "2008.05.02"]
[Round "3"]
[White "Galdelli, Fabiano"]
[Black "Musmarra, Giovanni"]
[Result "1-0"]
[WhiteElo "1978"]
[BlackElo "1744"]
[PlyCount "121"]
[EventDate "2008.05.01"]

1. e4 e5 2. c4 c6 3. Nf3 d5 4. cxd5 cxd5 5. Nxe5 Qd6 6. Bb5+ Nd7 7. Nxd7 Bxd7
8. Bxd7+ Qxd7 9. exd5 Qxd5 10. O-O O-O-O 11. Nc3 Qd3 12. Qh5 Rd7 13. a4 f5 14.
Qe8+ Rd8 15. Qe6+ Kb8 16. Nb5 a6 17. Qe5+ Bd6 18. Nxd6 Qxd6 19. Qxf5 Nf6 20. d3
Qxd3 21. Qc5 Qd5 22. Bf4+ Ka8 23. Qb6 Qd4 24. Qxd4 Rxd4 25. Be5 Rd2 26. Bxf6
gxf6 27. Rfd1 Rxb2 28. Rd6 Rf8 29. Rd7 Re8 30. Rxh7 Ree2 31. Rf1 Ra2 32. Rh4
Ka7 33. Rf4 Kb6 34. h4 Ka5 35. h5 Rxa4 36. Rxf6 Re5 37. h6 Rh5 38. g3 b5 39.
Re1 b4 40. Ree6 Kb5 41. g4 Rh4 42. Re5+ Kc4 43. Rf4+ Kc3 44. Rh5 Ra1+ 45. Kg2
Rah1 46. Rf3+ Kc2 47. Rc5+ Kb2 48. g5 R4h2+ 49. Kg3 Rh3+ 50. Kg4 Rxf3 51. Kxf3
b3 52. Ke2 Ka3 53. Ra5+ Kb4 54. Rxa6 b2 55. Rb6+ Kc3 56. Rc6+ Kd4 57. Rb6 b1=Q
58. Rxb1 Rxb1 59. g6 Rb8 60. h7 Ke5 61. g7 1-0

[Event "V Memorial Alvise Zichichi"]
[Site "Ladispoli ITA"]
[Date "2008.05.02"]
[Round "3"]
[White "Lattanzi, Domenico"]
[Black "Mecali, Antonello"]
[Result "1-0"]
[WhiteElo "1740"]
[BlackElo "1858"]
[PlyCount "62"]
[EventDate "2008.05.01"]

1. e4 c5 2. Nf3 d6 3. d4 cxd4 4. Nxd4 Nf6 5. Nc3 Nc6 6. Be2 a6 7. Bf3 e5 8. Nb3
Be7 9. O-O O-O 10. Be3 Be6 11. Nd5 Bxd5 12. exd5 Nb8 13. Nd2 Nbd7 14. Ne4 Nxe4
15. Bxe4 f5 16. Bf3 Rc8 17. c3 Bg5 18. Qd2 f4 19. Bg4 fxe3 20. Be6+ Kh8 21.
fxe3 Qb6 22. Kh1 Bxe3 23. Qe2 Rxf1+ 24. Rxf1 Rf8 25. Bxd7 Rf2 26. Rxf2 Bxf2 27.
Qf3 Qd8 28. Qxf2 h6 29. Qf7 b6 30. Qe8+ Qxe8 31. Bxe8 Kg8 1-0

[Event "V Memorial Alvise Zichichi"]
[Site "Ladispoli ITA"]
[Date "2008.05.02"]
[Round "3"]
[White "Maggi, Fabrizio"]
[Black "Iacoacci, Giancarlo"]
[Result "1-0"]
[WhiteElo "2003"]
[BlackElo "1767"]
[PlyCount "73"]
[EventDate "2008.05.01"]

1. e4 c6 2. d4 d5 3. exd5 cxd5 4. c4 Nf6 5. Nc3 Nc6 6. Nf3 e6 7. a3 Be7 8. Bd3
h6 9. O-O b6 10. cxd5 Nxd5 11. Ne5 Nxe5 12. dxe5 O-O 13. Ne4 Qc7 14. f4 f5 15.
exf6 Nxf6 16. Qe2 Nd5 17. Bd2 Bf6 18. Nxf6+ Rxf6 19. Qh5 Qf7 20. Qe5 Bb7 21.
Rac1 Rd8 22. Bb1 Ne7 23. Bc3 Ng6 24. Qe3 Rxf4 25. Rxf4 Nxf4 26. Rf1 Nxg2 27.
Rxf7 Nxe3 28. Rxg7+ Kf8 29. Rxb7 Rd1+ 30. Kf2 Ng4+ 31. Kg3 Rg1+ 32. Kf4 e5+ 33.
Kf5 Nxh2 34. Bd3 Rg5+ 35. Ke6 Ng4 36. Bh7 h5 37. Bb4+ 1-0

[Event "V Memorial Alvise Zichichi"]
[Site "Ladispoli ITA"]
[Date "2008.05.02"]
[Round "3"]
[White "Mariani, Francesca"]
[Black "Maddaloni, Giovanni"]
[Result "1/2-1/2"]
[WhiteElo "1266"]
[BlackElo "1809"]
[PlyCount "96"]
[EventDate "2008.05.01"]

1. e4 c5 2. Nf3 Nc6 3. d4 cxd4 4. Nxd4 e5 5. Nb5 a6 6. Nd6+ Bxd6 7. Qxd6 Qf6 8.
Qxf6 Nxf6 9. Nc3 h6 10. f3 d6 11. a3 Be6 12. Be3 b5 13. Rd1 Ke7 14. g4 b4 15.
Nd5+ Bxd5 16. exd5 bxa3 17. bxa3 Na5 18. Bg2 Rhc8 19. g5 hxg5 20. Bxg5 Rxc2 21.
Bf1 Nb3 22. Bd3 Ra2 23. Bxf6+ Kxf6 24. Kf1 Rb2 25. Be4 Nd4 26. h3 Rc8 27. Rg1
Rc3 28. Rg2 Rxg2 29. Kxg2 Rxa3 30. Kg3 a5 31. Kg4 a4 32. Rc1 Rb3 33. Rc7 a3 34.
Ra7 Nb5 35. Ra6 Rb2 36. Bd3 Rg2+ 37. Kh4 Nd4 38. Bc4 a2 39. Rxd6+ Ke7 40. Ra6
Rd2 41. d6+ Kd7 42. Bd5 Nf5+ 43. Kg5 Rxd5 44. Kxf5 Rxd6 45. Rxa2 Rh6 46. Kxe5
Rxh3 47. f4 Re3+ 48. Kf5 Re7 1/2-1/2